Земледелие и чтение из поколения в поколение (Запись № 13176792)

Подробности
000 -МАРКЕР
контрольное поле 03937nam0a2200469 4500
001 - ИДЕНТИФИКАТОР ЗАПИСИ
контрольное поле RU\NLR\BIBL_A\012799010
005 - ИДЕНТИФИКАТОР ВЕРСИИ
контрольное поле 20220929184218.0
010 ## - МЕЖДУНАРОДНЫЙ СТАНДАРТНЫЙ НОМЕР КНИГИ (ISBN)
Номер (ISBN) 978-5-907446-54-0
Тираж 1000
021 ## - НОМЕР ГОСУДАРСТВЕННОЙ РЕГИСТРАЦИИ
Код страны Российская Федерация
Номер КН-П-22-009042
Номер Листа государственной регистраци КН-П-22-0739
035 ## - ДРУГИЕ СИСТЕМНЫЕ НОМЕРА
Идентификатор записи (NLR Aleph) 012799010
035 ## - ДРУГИЕ СИСТЕМНЫЕ НОМЕРА
Идентификатор записи (RuMoRGB)010979829
100 ## - ДАННЫЕ ОБЩЕЙ ОБРАБОТКИ
Данные общей обработки 20220525d2022 u y0rusy50 ca
101 1# - ЯЗЫК РЕСУРСА
Язык текста, звукозаписи и т.д. русский
Язык оригинала китайский
102 ## - СТРАНА ПУБЛИКАЦИИ ИЛИ ПРОИЗВОДСТВА
Страна публикации Российская Федерация
105 ## - ПОЛЕ КОДИРОВАННЫХ ДАННЫХ: ТЕКСТОВЫЕ МАТЕРИАЛЫ, МОНОГРАФИЧЕСКИЕ
Кодированные данные о монографическом текстовом документе ac z 000zy
181 #0 - ПОЛЕ КОДИРОВАННЫХ ДАННЫХ: ВИД СОДЕРЖАНИЯ
Код вида содержания (ISBD) i
Код характеристики содержания (ISBD) axxe
182 #0 - ПОЛЕ КОДИРОВАННЫХ ДАННЫХ: ТИП СРЕДСТВА
Код типа средства (ISBD) n - непосредственное
200 1# - ЗАГЛАВИЕ И СВЕДЕНИЯ ОБ ОТВЕТСТВЕННОСТИ
Основное заглавие Земледелие и чтение из поколения в поколение
Первые сведения об ответственности Да Шэн
Последующие сведения об ответственности главные составители: Сюэ Баоцинь, Ли Хао
-- пер. с кит.: Е. П. Зуева, Е. В. Артамонова
203 ## - ВИД СОДЕРЖАНИЯ И ТИП СРЕДСТВА
Вид содержания Текст
Дополнительные сведения об издании визуальный
Тип средства непосредственный
210 ## - ПУБЛИКАЦИЯ, РАСПРОСТРАНЕНИЕ И ДР.
Место издания, распространения и т.д. Москва
Имя издателя, распространителя и т. д. Издание книг ком
Дата издания, распространения и т.д. 2022
215 ## - ФИЗИЧЕСКАЯ ХАРАКТЕРИСТИКА
Специфическое обозначение материала и объем 382 с.
Другие сведения о физической характеристике ил., цв. ил., портр.
Размеры 24
225 1# - СЕРИЯ
Основное заглавие серии Китай, воспетый в стихах
Наименование части Земледелие и чтение
300 ## - ОБЩИЕ ПРИМЕЧАНИЯ
Текст примечания Загл. в вып. дан. и макете: Земледелие и чтение из поколения в поколение. Китай, воспетый в стихах: земледелие и чтение
320 ## - ПРИМЕЧАНИЯ О НАЛИЧИИ В ДОКУМЕНТЕ БИБЛИОГРАФИИ / УКАЗАТЕЛЯ
Текст примечания Библиогр. в подстроч. примеч.
330 ## - РЕЗЮМЕ ИЛИ РЕФЕРАТ
Текст примечания Учёные старого Китая в пору сева и сбора урожая трудились в поле, а в свободные часы занимались образованием. Так среди полей и в читальнях создавалась прекрасная традиционная культура. В земледельческой цивилизации придавалось большое значение образованию, поэтому выражение в роду из поколения в поколение либо учёные, либо земледельцы (из романа Троецарствие) стало одним из давних заветов китайского народа. Китай - страна поэзии, и на её просторах живёт множество прекрасных стихов, описывающих деревенскую жизнь учёных мужей. Взяв эти сочинения за основу, добавив к ним увлекательных историй и обилия исторических материалов, автор живым языком в доступной форме рассказал о жизни людей из далёкого прошлого, занимавшихся земледелием и учением, для которых сельский труд был неотделим от интеллектуального, взглянув на их жизнь под новым, непривычным углом
333 ## - ПРИМЕЧАНИЯ ОБ ОСОБЕННОСТЯХ РАСПРОСТРАНЕНИЯ И ИСПОЛЬЗОВАНИЯ
Текст примечания 16+
517 1# - ДРУГИЕ ВАРИАНТЫ ЗАГЛАВИЯ
Вариант заглавия Земледелие и чтение из поколения в поколение. Китай, воспетый в стихах: земледелие и чтение
606 1# - НАИМЕНОВАНИЕ ТЕМЫ КАК ПРЕДМЕТ
Наименование темы Поэзия китайская
Тематический подзаголовок Тематика
Системный номер авторитетной/нормативной записи 2520101
Идентификатор авторитетной/нормативной записи RU\NLR\AUTH\6601707877
606 1# - НАИМЕНОВАНИЕ ТЕМЫ КАК ПРЕДМЕТ
Наименование темы Сельское хозяйство
Тематический подзаголовок в литературе китайской
Системный номер авторитетной/нормативной записи 2525814
Идентификатор авторитетной/нормативной записи RU\NLR\AUTH\6601710588
606 1# - НАИМЕНОВАНИЕ ТЕМЫ КАК ПРЕДМЕТ
Наименование темы Образование
Тематический подзаголовок в литературе китайской
Системный номер авторитетной/нормативной записи 2525811
Идентификатор авторитетной/нормативной записи RU\NLR\AUTH\6601710587
686 1# - ИНДЕКСЫ ДРУГИХ КЛАССИФИКАЦИЙ
Индекс Ш5(5Кит)-34
686 1# - ИНДЕКСЫ ДРУГИХ КЛАССИФИКАЦИЙ
Индекс Ш5(5Кит)-335
700 #0 - ИМЯ ЛИЦА - ПЕРВИЧНАЯ ОТВЕТСТВЕННОСТЬ
Начальный элемент ввода Да Шэн
702 #1 - ИМЯ ЛИЦА - ВТОРИЧНАЯ ОТВЕТСТВЕННОСТЬ
Начальный элемент ввода Зуева
Часть имени, кроме начального элемента ввода Е. П.
Расширение инициалов личного имени Екатерина П.
Код отношения Переводчик
702 #1 - ИМЯ ЛИЦА - ВТОРИЧНАЯ ОТВЕТСТВЕННОСТЬ
Начальный элемент ввода Артамонова
Часть имени, кроме начального элемента ввода Е. В.
Расширение инициалов личного имени Елена В.
Код отношения Переводчик
942 ## - ДОПОЛНИТЕЛЬНЫЕ ЭЛЕМЕНТЫ ЗАПИСИ (АБИС)
Тип экземпляра АБИС Книга
980 ## - КОЛЛЕКЦИЯ
Название коллекции Национальная библиография
Экземпляры
Тип экземпляра Дата поступления Источник поступления Стоимость Библиотека постоянного хранения Библиотека текущего хранения Место хранения Шифр хранения Штрих-код Статус экземпляра
Книга 25.05.2022 Обязательный экземпляр 0.00 РНБ (Московский) РНБ (Московский) Русский книжный фонд: издания с 1957 года 2022-7/3813 1-3781120  
Книга 25.05.2022 Обязательный экземпляр 0.00 РНБ (Московский) РНБ (Московский) Русский книжный фонд: издания с 1957 года 2022-7/3813 1-3781119